Common Size, Trend, and Ratio Analysis.

Common size analysis. Trend analysis. Ratio analysis. Three financial tools every seasoned businessperson should be able to use. First, learn how each of these tools is used. Then, get a closer look at five key categories of ratios to keep in mind, including liquidity ratios and market ratios..

Bibliographic Details
Corporate Authors: Great Courses (Firm),$4dst, Kanopy (Firm),$4dst
Format: Video
Language:English
Language Notes:In English
Published: [San Francisco, California, USA] : The Great Courses, 2015.
Kanopy Streaming, 2016.
Subjects:
Online Access:Connect to this streaming video

MARC

Tag First Indicator Second Indicator Subfields
LEADER 00000cgm a22000004a 4500
001 in00003752021
006 m o c
007 cr una---unuuu
007 vz uzazuu
008 160825p20162015cau031 o vleng d
005 20260324182030.4
028 5 2 |a 1167537  |b Kanopy 
035 |a (OCoLC)956901077 
035 |a (CaSfKAN)kan1167537 
040 |a VDU  |b eng  |c VDU  |d UtOrBLW 
245 0 0 |a Common Size, Trend, and Ratio Analysis. 
264 1 |b The Great Courses,  |c 2015. 
264 1 |a [San Francisco, California, USA] :  |b Kanopy Streaming,  |c 2016. 
300 |a 1 online resource (streaming video file) (32 minutes):  |b digital, .flv file, sound 
306 |a 003140 
336 |a two-dimensional moving image  |b tdi  |2 rdacontent 
337 |a computer  |b c  |2 rdamedia 
338 |a online resource  |b cr  |2 carrier 
500 |a Title from title frames. 
500 |a Film 
518 |a Originally produced by The Great Courses in 2015. 
520 |a Common size analysis. Trend analysis. Ratio analysis. Three financial tools every seasoned businessperson should be able to use. First, learn how each of these tools is used. Then, get a closer look at five key categories of ratios to keep in mind, including liquidity ratios and market ratios..  
538 |a Mode of access: World Wide Web. 
546 |a In English 
500 |a Electronic resource. 
650 0 |a Business education.  |0 http://id.loc.gov/authorities/subjects/sh85018279 
653 |a  Advertising & PR 
653 |a Marketing 
655 7 |a Internet videos.  |2 lcgft  |0 http://id.loc.gov/authorities/genreForms/gf2011026337 
655 7 |a Educational films.  |2 lcgft  |0 http://id.loc.gov/authorities/genreForms/gf2011026219 
710 2 |a Great Courses (Firm),$4dst. 
710 2 |a Kanopy (Firm),$4dst. 
856 4 0 |u http://proxy.library.tamu.edu/login?url=https://texasam.kanopystreaming.com/node/167538  |z Connect to this streaming video  |t 0 
999 f f |s 7630cf72-beba-3619-be3d-404694f0211e  |i c6a90509-62e6-3acc-a02b-c5cff5f796db  |t 0 
952 f f |a Texas A&M University  |b College Station  |c Electronic Resources  |s www_evans  |d Available Online  |t 0  |h No information provided 
998 f f |t 0  |l Available Online